<?xml version="1.0" encoding="UTF-8"?>
<record
    xmlns:xsi="http://www.w3.org/2001/XMLSchema-instance"
    xsi:schemaLocation="http://www.loc.gov/MARC21/slim http://www.loc.gov/standards/marcxml/schema/MARC21slim.xsd"
    xmlns="http://www.loc.gov/MARC21/slim">

  <leader>02335agaaa2200337   4500</leader>
  <controlfield tag="001">4815</controlfield>
  <controlfield tag="003">IT-RoPAU</controlfield>
  <controlfield tag="005">20220918181251.0</controlfield>
  <controlfield tag="007">d cvaizq</controlfield>
  <controlfield tag="008">50131s9999||||xx ||| |     ||   ||und||</controlfield>
  <datafield tag="040" ind1=" " ind2=" ">
    <subfield code="a">IT-RoPAU</subfield>
    <subfield code="c">IT-RoPAU</subfield>
  </datafield>
  <datafield tag="041" ind1=" " ind2=" ">
    <subfield code="a">ITALIANO</subfield>
  </datafield>
  <datafield tag="100" ind1=" " ind2=" ">
    <subfield code="a">Curtiz Michael</subfield>
    <subfield code="g">Codice regista SPICS: 7648</subfield>
    <subfield code="9">48972</subfield>
  </datafield>
  <datafield tag="130" ind1=" " ind2=" ">
    <subfield code="a">CASABLANCA</subfield>
    <subfield code="9">48973</subfield>
  </datafield>
  <datafield tag="242" ind1=" " ind2=" ">
    <subfield code="y">632</subfield>
    <subfield code="n">87 IT</subfield>
  </datafield>
  <datafield tag="245" ind1=" " ind2=" ">
    <subfield code="a">CASABLANCA</subfield>
    <subfield code="c">Prodotto da: Wallis H. Warner J. -- Sceneggiatura: Epstein Julius J. Epstein Philip Koch Howard Robinson Casey -- Diretto da: Curtiz Michael</subfield>
    <subfield code="p">CASABLANCA (Rif. Codice opera principale : H4815)</subfield>
  </datafield>
  <datafield tag="250" ind1=" " ind2=" ">
    <subfield code="a">Edizione Standard</subfield>
  </datafield>
  <datafield tag="260" ind1=" " ind2=" ">
    <subfield code="a">(USA)</subfield>
    <subfield code="b">WARNER BROS / Distribuzione: MESSAGGERIE LAZIALI</subfield>
    <subfield code="g">"2003 (1&#xB0; ed.: 2003 ; Ed. Lingua Orig.: 1942)"</subfield>
  </datafield>
  <datafield tag="300" ind1=" " ind2=" ">
    <subfield code="a">DVD</subfield>
    <subfield code="b">sonoro, col.</subfield>
    <subfield code="c">99 minuti</subfield>
  </datafield>
  <datafield tag="508" ind1=" " ind2=" ">
    <subfield code="a">"Fotografia: Edeson Arthur; Montaggio: Marks Owen; Musica: Steiner Max; Sceneggiatura: Epstein Julius J. Epstein Philip Koch Howard Robinson Casey; Scenografia: Weyl Carl Jules; Soggetto: Alison J. -- Burnett Murray"</subfield>
  </datafield>
  <datafield tag="511" ind1=" " ind2=" ">
    <subfield code="a">"Bogart Humphrey; Bergman Ingrid; Henreid Paul; Rains Claude; Veidt Conrad; Lorre Pete"</subfield>
  </datafield>
  <datafield tag="520" ind1=" " ind2=" ">
    <subfield code="a">"A CASABLANCA, PROTETTORATO FRANCESE, PASSANO I FUGGIASCHI DEL NAZISMO. L'AMERICANO RICK GESTISCE UN LOCALE NOTTURNO CHE E' UN VERO PORTO DI MARE IN CUI CAPITA OGNI TIPO DI UMANITA': DA DISERTORI A PROFUGHI A LADRI A CONTRABBANDIERI. RICK, AUTORITARIO E PRESTIGIOSO, CONDUCE TUTTI I GIOCHI A SUO PIACIMENTO. UN GIORNO PERO' ARRIVA UNA DONNA CHE LUI HA DISPERATAMENTE AMATO UNANNO PRIMA. E CON LEI ARRIVA ANCHE IL MARITO EROE ANTINAZISTA. RICK HA IN MANO I DESTINI DI TUTTI. MA ALLA FINE SACRIFICA IL SUO AMORE PERMETTENDO ALLA COPPIA DI LASCIARE CASABLANCA. LUI RIMARRA' A COMBATTERE PER LA LIBERTA'.CULT-MOVIE INOSSIDABILE VINCITORE DI TRE PREMI OSCARTRATTO DAL LAVORO TEATRALE ""EVERYBODYS COME TO RICK'S""."</subfield>
  </datafield>
  <datafield tag="538" ind1=" " ind2=" ">
    <subfield code="a">PAL, STEREO</subfield>
  </datafield>
  <datafield tag="546" ind1=" " ind2=" ">
    <subfield code="a">ITALIANO</subfield>
  </datafield>
  <datafield tag="650" ind1=" " ind2=" ">
    <subfield code="a">DRAMMATICO</subfield>
    <subfield code="e">DVD-FILM [DVD]</subfield>
    <subfield code="x">Codice MATERIA SPICS: 9947</subfield>
    <subfield code="9">48974</subfield>
  </datafield>
  <datafield tag="700" ind1=" " ind2=" ">
    <subfield code="a">Alison J. </subfield>
    <subfield code="e">(soggetto)</subfield>
    <subfield code="g">Codice Soggetto SPICS: 30255</subfield>
    <subfield code="9">48975</subfield>
  </datafield>
  <datafield tag="700" ind1=" " ind2=" ">
    <subfield code="a">Burnett Murray </subfield>
    <subfield code="e">(soggetto)</subfield>
    <subfield code="g">Codice Soggetto 2&#xB0; SPICS: 57850</subfield>
    <subfield code="9">48976</subfield>
  </datafield>
  <datafield tag="700" ind1=" " ind2=" ">
    <subfield code="a">Curtiz Michael </subfield>
    <subfield code="e">(regista)</subfield>
    <subfield code="g">Codice regista SPICS: 7648</subfield>
    <subfield code="9">48977</subfield>
  </datafield>
  <datafield tag="700" ind1=" " ind2=" ">
    <subfield code="a">Steiner Max</subfield>
    <subfield code="e">(musica)</subfield>
    <subfield code="g">Codice Musica SPICS: 11162</subfield>
    <subfield code="9">48978</subfield>
  </datafield>
  <datafield tag="942" ind1=" " ind2=" ">
    <subfield code="c">DV</subfield>
    <subfield code="2">ddc</subfield>
  </datafield>
  <datafield tag="999" ind1=" " ind2=" ">
    <subfield code="c">106828</subfield>
    <subfield code="d">106828</subfield>
  </datafield>
  <datafield tag="952" ind1=" " ind2=" ">
    <subfield code="0">0</subfield>
    <subfield code="1">0</subfield>
    <subfield code="4">0</subfield>
    <subfield code="6">H_4815_000000000000000</subfield>
    <subfield code="7">1</subfield>
    <subfield code="a">SPICS</subfield>
    <subfield code="b">SPICS</subfield>
    <subfield code="d">2015-01-31</subfield>
    <subfield code="l">0</subfield>
    <subfield code="o">H4815</subfield>
    <subfield code="r">2015-01-31 00:00:00</subfield>
    <subfield code="w">2015-01-31</subfield>
    <subfield code="y">DV</subfield>
    <subfield code="z">Progr. Ins.: 3174 / N.Vol.:1 / Copie: 1 / Pag.:0 / Copia rara: n.d. / date import: 1.2.2015 / By Epidotti, Trombetti, Vaglietti</subfield>
  </datafield>
</record>
